00450 2200169 4500001002100000005001500021035002000036007000300056008004100059020001800100082000800118084001800126100001800144245006900162260003300231990001600264INLIS00000000000266920260409112730 a0010-0426000127ta260409 0  a9786347157232 a100 a100 WIL p C.10 aWILLIAM JAMES1 aPRAGMATISME :bNAMA BARU UNTUK SEJUMLAH CARA LAMA DALAM BERPIKIR ayogyakarta :bIRCiSoD,c2025 a2026/h/0727